[Event "España tch 2009 - 2a 2"]
[Site "Burguillos ESP"]
[Date "2009.08.09"]
[Round "6.23"]
[White "Reales Murto, Manuel Jose"]
[Black "Ocana Roca, Juan Jesus"]
[Result "1-0"]
[WhiteElo "2303"]
[BlackElo "2162"]
[PlyCount "153"]
[EventDate "2009.08.05"]
[EventType "team"]
[EventRounds "6"]
[EventCountry "ESP"]
[Source "lmi"]
[SourceDate "2009.08.05"]
[WhiteTeamCountry "ESP"]
[BlackTeamCountry "ESP"]

1. d4 Nf6 2. Nf3 g6 3. c4 Bg7 4. Nc3 O-O 5. Bg5 d6 6. e3 c6 7. Be2 Nbd7 8. O-O
h6 9. Bh4 g5 10. Bg3 Nh5 11. Rb1 a5 12. a3 Ndf6 13. Qc2 Nxg3 14. hxg3 Bg4 15.
Bd3 Qc7 16. Nd2 e5 17. dxe5 dxe5 18. b4 Rfd8 19. Nb3 axb4 20. axb4 Qd6 21. Nc1
Ra3 22. c5 Qe7 23. Bc4 Be6 24. Bb3 Nd5 25. Bxd5 cxd5 26. Nb5 Raa8 27. Nd6 Qc7
28. Qe2 Bf8 29. Nb5 Qd7 30. Rd1 Qc6 31. Nb3 b6 32. Rdc1 bxc5 33. bxc5 Rdb8 34.
Nd2 Ra5 35. Nc3 Rxb1 36. Ncxb1 Rxc5 37. Rxc5 Qxc5 38. Nf3 Qc1+ 39. Qf1 Qxf1+
40. Kxf1 f6 41. Nc3 Bb4 42. Ne2 Kf7 43. Nc1 Ba3 44. Ne2 Bg4 45. Neg1 Bb4 46.
Ne2 Bxf3 47. gxf3 h5 48. g4 h4 49. Ng1 Ke6 50. Ke2 d4 51. Kd3 Kd5 52. Nh3 Be1
53. Ke2 Ba5 54. Kd3 Bb6 55. Ng1 Bd8 56. Nh3 dxe3 57. fxe3 f5 58. gxf5 e4+ 59.
fxe4+ Kd6 60. Nf2 Bf6 61. Ke2 Bc3 62. Kf3 Be1 63. Nh3 Ke5 64. Nxg5 Kf6 65. Kg4
Bf2 66. Nf3 Bxe3 67. e5+ Kf7 68. Nxh4 Bd4 69. Kf4 Bc3 70. Nf3 Bb4 71. Ke4 Be7
72. Kd5 Bd8 73. Kd6 Be7+ 74. Kd7 Kf8 75. Ke6 Bb4 76. f6 Ba3 77. Nh4 1-0

[Event "España tch 2009 - 2a 2"]
[Site "Burguillos ESP"]
[Date "2009.08.09"]
[Round "6.24"]
[White "Fuertes Romo, Jose Manuel"]
[Black "Herrera Delgado, Alejandro"]
[Result "0-1"]
[WhiteElo "1784"]
[BlackElo "2297"]
[PlyCount "80"]
[EventDate "2009.08.05"]
[EventType "team"]
[EventRounds "6"]
[EventCountry "ESP"]
[Source "lmi"]
[SourceDate "2009.08.05"]
[WhiteTeamCountry "ESP"]
[BlackTeamCountry "ESP"]

1. e4 c5 2. Nf3 Nc6 3. d4 cxd4 4. Nxd4 Nf6 5. Nc3 d6 6. Bg5 Bd7 7. Be2 Qa5 8.
Bxf6 gxf6 9. Nb3 Qg5 10. Nd5 Rc8 11. Ne3 Rg8 12. Qd2 Qe5 13. O-O-O Bh6 14. Bd3
Rxg2 15. Rdg1 Rxg1+ 16. Rxg1 Kf8 17. Qe1 a5 18. Kb1 a4 19. Nd2 Qc5 20. Qe2 Nb4
21. e5 Qxe5 22. Nf5 Nxd3 23. Qxe5 Nxe5 24. Nxh6 Ng6 25. h4 Kg7 26. Ng4 h5 27.
Ne3 Rc5 28. c4 Re5 29. Kc2 Bc6 30. Kc3 f5 31. b4 axb3 32. axb3 f4 33. Nd1 Kf6
34. b4 Nxh4 35. Nb2 Nf3 36. Nxf3 Bxf3 37. Nd3 Rg5 38. Re1 e5 39. Ra1 h4 40. Ne1
Bg2 0-1

[Event "España tch 2009 - 2a 2"]
[Site "Burguillos ESP"]
[Date "2009.08.09"]
[Round "6.31"]
[White "Serna Lara, Sergio"]
[Black "Cabrera, Alexis"]
[Result "0-1"]
[WhiteElo "2234"]
[BlackElo "2527"]
[PlyCount "72"]
[EventDate "2009.08.05"]
[EventType "team"]
[EventRounds "6"]
[EventCountry "ESP"]
[Source "lmi"]
[SourceDate "2009.08.05"]
[WhiteTeamCountry "ESP"]
[BlackTeamCountry "ESP"]

1. d4 f5 2. g3 Nf6 3. Bg2 g6 4. c4 Bg7 5. Nc3 O-O 6. Nh3 d6 7. Bg5 Nc6 8. Qd2
e5 9. d5 Nb8 10. Bh6 a5 11. Bxg7 Kxg7 12. O-O Na6 13. e4 Nc5 14. exf5 Bxf5 15.
f4 Qd7 16. fxe5 dxe5 17. Ng5 Rae8 18. Qe3 Qd6 19. Be4 Nfxe4 20. Ngxe4 Nxe4 21.
Nxe4 Bxe4 22. Rxf8 Rxf8 23. Qxe4 Qb6+ 24. Kh1 Qxb2 25. Re1 Kg8 26. Qg4 Rf5 27.
a4 Qb4 28. Qe4 Qxa4 29. g4 Rf7 30. Qxe5 Qxc4 31. Qe8+ Kg7 32. Qe5+ Kh6 33. Qe3+
Qf4 34. g5+ Qxg5 35. Qh3+ Kg7 36. Qc3+ Qf6 0-1

[Event "España tch 2009 - 2a 2"]
[Site "Burguillos ESP"]
[Date "2009.08.09"]
[Round "6.32"]
[White "Garcia Roman, Daniel"]
[Black "Picazo Lopez, Juan Antonio"]
[Result "0-1"]
[WhiteElo "2464"]
[BlackElo "2226"]
[PlyCount "100"]
[EventDate "2009.08.05"]
[EventType "team"]
[EventRounds "6"]
[EventCountry "ESP"]
[Source "lmi"]
[SourceDate "2009.08.05"]
[WhiteTeamCountry "ESP"]
[BlackTeamCountry "ESP"]

1. d4 d5 2. c4 c6 3. e3 Nf6 4. Nf3 a6 5. Bd3 Bg4 6. Qb3 Bxf3 7. gxf3 Qc7 8. Nc3
e6 9. Bd2 dxc4 10. Bxc4 b5 11. Be2 c5 12. dxc5 Bxc5 13. Rc1 Nbd7 14. Qc2 Qb6
15. Ne4 Nxe4 16. Qxe4 O-O 17. b4 Be7 18. Rc6 Qd8 19. O-O Nf6 20. Qc2 Rc8 21.
Rxc8 Qxc8 22. Rc1 Qd7 23. Be1 Nd5 24. a3 g6 25. f4 Bf6 26. Bf3 Rd8 27. Rd1 Qe7
28. a4 Kg7 29. axb5 axb5 30. Qb3 Nc7 31. Rc1 Kg8 32. Qc2 Na6 33. Qe4 Nc7 34.
Qb7 Nd5 35. Qxb5 g5 36. f5 g4 37. Bg2 Bb2 38. Rb1 Be5 39. e4 Nc3 40. Qxe5 Nxb1
41. f6 Qf8 42. Qg5+ Kh8 43. Qc1 Na3 44. Qxa3 Rd1 45. Qc3 e5 46. Kf1 Qd8 47. h3
h5 48. hxg4 hxg4 49. Ke2 Rb1 50. Qd3 Rxe1+ 0-1

[Event "España tch 2009 - 2a 2"]
[Site "Burguillos ESP"]
[Date "2009.08.09"]
[Round "6.33"]
[White "Martinez Lozano, Miguel Angel"]
[Black "Sanchez Romero, Miquel Angel"]
[Result "0-1"]
[WhiteElo "2210"]
[BlackElo "2251"]
[PlyCount "136"]
[EventDate "2009.08.05"]
[EventType "team"]
[EventRounds "6"]
[EventCountry "ESP"]
[Source "lmi"]
[SourceDate "2009.08.05"]
[WhiteTeamCountry "ESP"]
[BlackTeamCountry "ESP"]

1. e4 g6 2. d4 d6 3. Nc3 Nf6 4. Be3 c6 5. Qd2 b5 6. Bd3 Nbd7 7. Nf3 Nb6 8. O-O
Bg7 9. Bh6 O-O 10. Bxg7 Kxg7 11. a4 b4 12. Ne2 a5 13. Ng3 h6 14. Rfe1 Be6 15.
Nh4 Ng8 16. b3 c5 17. d5 Bc8 18. Nf3 Bg4 19. Qf4 Bxf3 20. Qxf3 c4 21. bxc4 Rc8
22. e5 Nxc4 23. exd6 exd6 24. Qg4 Ne5 25. Qd4 Qf6 26. Qb6 Nxd3 27. cxd3 Rfe8
28. Ne4 Qe5 29. Red1 Qxd5 30. Qxd6 Red8 31. Qf4 Qd4 32. Qf3 Nf6 33. Nxf6 Qxf6
34. Qe3 Rc3 35. Rac1 Qd4 36. Qe7 Rd7 37. Qe2 Rxd3 38. Re1 Rd2 39. Qf3 b3 40. h3
b2 41. Rb1 Rd6 42. Qg3 Rf6 43. Rf1 Qf4 44. Qc3 Qb4 45. Qxb4 axb4 46. f3 Rc2 47.
Rf2 Rc1+ 48. Rf1 Rxf1+ 49. Kxf1 Ra6 50. Rxb2 Rxa4 51. Kf2 Kf6 52. Ke3 h5 53. h4
Kf5 54. g3 Ra3+ 55. Kf2 Ra4 56. Ke3 Ke5 57. g4 Ra3+ 58. Kf2 Ra4 59. Ke3 Kd5 60.
gxh5 gxh5 61. Kf4 b3+ 62. Kg5 Kc4 63. Kxh5 Kc3 64. Rb1 Rf4 65. Rc1+ Kd2 66. Rc7
Rxf3 67. Kg5 b2 68. Rb7 Kc2 0-1

[Event "España tch 2009 - 2a 2"]
[Site "Burguillos ESP"]
[Date "2009.08.09"]
[Round "6.34"]
[White "Castro Exposito, Cristobal"]
[Black "Campayo Hernandez, Juan"]
[Result "1-0"]
[WhiteElo "2027"]
[BlackElo "2176"]
[PlyCount "99"]
[EventDate "2009.08.05"]
[EventType "team"]
[EventRounds "6"]
[EventCountry "ESP"]
[Source "lmi"]
[SourceDate "2009.08.05"]
[WhiteTeamCountry "ESP"]
[BlackTeamCountry "ESP"]

1. d4 d5 2. Bf4 Nf6 3. Nf3 c5 4. c3 Qb6 5. Qb3 c4 6. Qxb6 axb6 7. e3 Nc6 8. Be2
Bf5 9. Nbd2 h6 10. O-O b5 11. a3 Nd7 12. Rfe1 f6 13. Nh4 Bh7 14. Bh5+ Kd8 15.
Ng6 Bxg6 16. Bxg6 e5 17. Bg3 h5 18. f3 Ra6 19. Rad1 Bd6 20. Nf1 Ne7 21. Bb1 Kc7
22. e4 exd4 23. Rxd4 Ne5 24. Kh1 h4 25. Bf2 h3 26. exd5 hxg2+ 27. Kxg2 N5g6 28.
Bg3 Be5 29. Rg4 Bxg3 30. Nxg3 f5 31. Bxf5 Rf6 32. Bxg6 Nxg6 33. Ne4 Nf4+ 34.
Kh1 Rf5 35. d6+ Kc6 36. Rg5 Rxg5 37. Nxg5 Rh5 38. Ne4 Rd5 39. Rg1 Rd3 40. Rxg7
Rxf3 41. Kg1 Rd3 42. h4 Ne6 43. Re7 Nf8 44. h5 Rh3 45. Re5 Nd7 46. Rg5 Rh4 47.
Ng3 Rf4 48. h6 Kxd6 49. h7 Rf8 50. Rg8 1-0

[Event "España tch 2009 - 2a 2"]
[Site "Burguillos ESP"]
[Date "2009.08.09"]
[Round "6.41"]
[White "Valles Moreno, Ivan"]
[Black "Carlsson, Pontus"]
[Result "1-0"]
[WhiteElo "2428"]
[BlackElo "2494"]
[PlyCount "111"]
[EventDate "2009.08.05"]
[EventType "team"]
[EventRounds "6"]
[EventCountry "ESP"]
[Source "lmi"]
[SourceDate "2009.08.05"]
[WhiteTeam "C.A. Amigos Del Retiro"]
[BlackTeam "C.D.E. Almagro"]
[WhiteTeamCountry "ESP"]
[BlackTeamCountry "ESP"]

1. d4 Nf6 2. c4 e6 3. g3 c5 4. d5 exd5 5. cxd5 b5 6. Nf3 g6 7. e4 Nxe4 8. Bxb5
Qa5+ 9. Nfd2 Qxb5 10. Nxe4 Qb4+ 11. Nbc3 f5 12. O-O h6 13. Re1 Kf7 14. Bf4 fxe4
15. Rxe4 c4 16. Qd4 Rh7 17. d6 Nc6 18. Qd5+ Kg7 19. Be5+ Nxe5 20. Qxe5+ Kg8 21.
Qd5+ Kg7 22. Rae1 Bb7 23. Qd4+ Kg8 24. Nd5 Qxd6 25. Nf6+ Kf7 26. Nxh7 Bxe4 27.
Qxe4 Rb8 28. Qxc4+ Kg7 29. Nxf8 Rxf8 30. Qc3+ Kh7 31. Qe3 Rf7 32. h4 a6 33. Qe4
h5 34. Kg2 Qc5 35. Re2 Qa5 36. b4 Qb6 37. a4 Kg7 38. Rd2 Kh7 39. a5 Qf6 40. Qd5
Rg7 41. Rd4 Qe7 42. Re4 Qf6 43. Rf4 Qc3 44. Qc4 Qxc4 45. Rxc4 Re7 46. Rd4 Kh6
47. Kf3 Rf7+ 48. Ke3 Re7+ 49. Kd2 Kg7 50. f3 Rf7 51. f4 Re7 52. Kd3 Kf6 53. Kc4
Re3 54. Rd6+ Kf5 55. Rd5+ Kf6 56. Rg5 1-0

[Event "España tch 2009 - 2a 2"]
[Site "Burguillos ESP"]
[Date "2009.08.09"]
[Round "6.42"]
[White "Espinosa Aranda, Angel"]
[Black "Perez Gonzalez, Jose Manuel"]
[Result "1/2-1/2"]
[WhiteElo "2350"]
[BlackElo "2307"]
[PlyCount "91"]
[EventDate "2009.08.05"]
[EventType "team"]
[EventRounds "6"]
[EventCountry "ESP"]
[Source "lmi"]
[SourceDate "2009.08.05"]
[WhiteTeam "C.D.E. Almagro"]
[BlackTeam "C.A. Amigos Del Retiro"]
[WhiteTeamCountry "ESP"]
[BlackTeamCountry "ESP"]

1. e4 d6 2. d4 Nf6 3. Nc3 g6 4. Bg5 Bg7 5. f4 h6 6. Bxf6 Bxf6 7. e5 Bg7 8. Qf3
c6 9. O-O-O h5 10. h3 Bf5 11. g4 hxg4 12. hxg4 Rxh1 13. Qxh1 Bxg4 14. Be2 Qd7
15. Qh7 Kf8 16. Rf1 Qf5 17. Bxg4 Qxg4 18. Nge2 dxe5 19. dxe5 Nd7 20. Rg1 Qf3
21. Kb1 Nc5 22. Ng3 Qf2 23. Nce2 Rd8 24. a3 Ne6 25. Nf5 Qxe2 26. Nxg7 Rd1+ 27.
Rxd1 Qxd1+ 28. Ka2 Qd5+ 29. b3 f5 30. exf6 exf6 31. Nxe6+ Qxe6 32. Qxb7 Qe3 33.
Qxc6 Kg7 34. Qc7+ Kh6 35. Qd6 Qc3 36. Qd1 g5 37. fxg5+ fxg5 38. Qh1+ Kg6 39.
Qg2 Qc8 40. c4 g4 41. Qd5 Qf8 42. Qe6+ Kg5 43. Qe5+ Kh4 44. Qh2+ Kg5 45. Qe5+
Kh4 46. Qh2+ 1/2-1/2

[Event "España tch 2009 - 2a 2"]
[Site "Burguillos ESP"]
[Date "2009.08.09"]
[Round "6.43"]
[White "Fernandez Garcia, Miguel Angel"]
[Black "Garcia Moral Garcia, Jose Danie"]
[Result "0-1"]
[WhiteElo "2269"]
[BlackElo "2326"]
[PlyCount "82"]
[EventDate "2009.08.05"]
[EventType "team"]
[EventRounds "6"]
[EventCountry "ESP"]
[Source "lmi"]
[SourceDate "2009.08.05"]
[WhiteTeam "C.A. Amigos Del Retiro"]
[BlackTeam "C.D.E. Almagro"]
[WhiteTeamCountry "ESP"]
[BlackTeamCountry "ESP"]

1. d4 Nf6 2. c4 g6 3. Nc3 Bg7 4. e4 d6 5. f4 O-O 6. Nf3 c5 7. dxc5 Qa5 8. Bd3
Qxc5 9. Qe2 Bg4 10. Be3 Qa5 11. O-O Nc6 12. Qf2 Bxf3 13. gxf3 Nb4 14. Bb1 Nd7
15. Qd2 Nc6 16. Rc1 Nc5 17. Bd3 Ne6 18. Rab1 Qh5 19. Rf1 Ned4 20. Qf2 a6 21.
Ne2 Nxe2+ 22. Bxe2 Rfc8 23. b4 a5 24. b5 Nb4 25. Rfd1 Nxa2 26. Rd5 f5 27. c5
Nc3 28. Bc4 Kh8 29. Rf1 Nxd5 30. Bxd5 Rab8 31. cxd6 exd6 32. Ba7 fxe4 33. fxe4
Qg4+ 34. Kh1 Qd7 35. Bxb8 Rxb8 36. Qe2 Rf8 37. b6 a4 38. Rf3 Ra8 39. f5 gxf5
40. Rxf5 a3 41. Qg4 Qc8 0-1

[Event "España tch 2009 - 2a 2"]
[Site "Burguillos ESP"]
[Date "2009.08.09"]
[Round "6.44"]
[White "Fernandez Barrera, Victor"]
[Black "Paredes Sanchez, Juan"]
[Result "1/2-1/2"]
[WhiteElo "2309"]
[BlackElo "2217"]
[PlyCount "85"]
[EventDate "2009.08.05"]
[EventType "team"]
[EventRounds "6"]
[EventCountry "ESP"]
[Source "lmi"]
[SourceDate "2009.08.05"]
[WhiteTeam "C.D.E. Almagro"]
[BlackTeam "C.A. Amigos Del Retiro"]
[WhiteTeamCountry "ESP"]
[BlackTeamCountry "ESP"]

1. e4 c5 2. Nf3 d6 3. d4 cxd4 4. Nxd4 Nf6 5. Nc3 a6 6. Bg5 e6 7. f4 Qc7 8. Bxf6
gxf6 9. f5 Nc6 10. fxe6 fxe6 11. Bc4 Nxd4 12. Qxd4 Be7 13. O-O-O Bd7 14. Bb3
O-O-O 15. Na4 Kb8 16. Nb6 Bc8 17. Rd3 Bf8 18. Nxc8 Rxc8 19. Qxf6 Bg7 20. Qxe6
Be5 21. Rf1 Qg7 22. Rf7 Qxg2 23. c3 Qxe4 24. Bd5 Bf4+ 25. Kc2 Qxe6 26. Bxe6
Rcf8 27. Rf3 Rxf7 28. Bxf7 Bxh2 29. Bd5 Rc8 30. Rh3 Be5 31. Rxh7 Rc7 32. Rh3
Rg7 33. a4 Rg3 34. Rh4 a5 35. Rh7 Rg7 36. Rh6 Rg3 37. Re6 Ka7 38. Kb3 Rg4 39.
c4 Kb6 40. Re8 Rg7 41. Kc2 Rh7 42. Rg8 Rh2+ 43. Rg2 1/2-1/2

[Event "España tch 2009 - 2a 2"]
[Site "Burguillos ESP"]
[Date "2009.08.09"]
[Round "6.51"]
[White "Perez Garcia, Roberto"]
[Black "Moreno Ruiz, Javier"]
[Result "0-1"]
[WhiteElo "2151"]
[BlackElo "2418"]
[PlyCount "42"]
[EventDate "2009.08.05"]
[EventType "team"]
[EventRounds "6"]
[EventCountry "ESP"]
[Source "lmi"]
[SourceDate "2009.08.05"]
[WhiteTeam "C.A. Alekhine Espartinas"]
[BlackTeam "C.A. Mostoles"]
[WhiteTeamCountry "ESP"]
[BlackTeamCountry "ESP"]

1. e4 e6 2. d4 d5 3. Nc3 Bb4 4. e5 c5 5. Bd2 Nh6 6. Nb5 Bxd2+ 7. Qxd2 O-O 8. f4
Nc6 9. Nf3 f6 10. Bd3 a6 11. Nd6 cxd4 12. O-O Ng4 13. Nxd4 Nxd4 14. Bxh7+ Kxh7
15. Qxd4 Nh6 16. Rf3 fxe5 17. fxe5 Rxf3 18. gxf3 Nf5 19. Nxf5 exf5 20. Kh1 Be6
21. Rd1 Qe7 0-1

[Event "España tch 2009 - 2a 2"]
[Site "Burguillos ESP"]
[Date "2009.08.09"]
[Round "6.52"]
[White "De La Fuente Gonzalez, Francisc"]
[Black "Aranaz Portugues, Jose Carlos"]
[Result "1/2-1/2"]
[WhiteElo "2230"]
[BlackElo "2124"]
[PlyCount "74"]
[EventDate "2009.08.05"]
[EventType "team"]
[EventRounds "6"]
[EventCountry "ESP"]
[Source "lmi"]
[SourceDate "2009.08.05"]
[WhiteTeam "C.A. Mostoles"]
[BlackTeam "C.A. Alekhine Espartinas"]
[WhiteTeamCountry "ESP"]
[BlackTeamCountry "ESP"]

1. c4 e5 2. Nc3 Bb4 3. g3 Bxc3 4. dxc3 d6 5. Bg2 h6 6. Nf3 Nf6 7. O-O O-O 8.
Qc2 Nc6 9. e4 Be6 10. b3 a5 11. a4 b6 12. Nh4 Qd7 13. f4 Qd8 14. f5 Bd7 15. h3
Kh7 16. Be3 Rh8 17. Qf2 Kg8 18. g4 Nh7 19. Nf3 f6 20. h4 Qe7 21. Qg3 Rf8 22.
Ra2 Nd8 23. g5 hxg5 24. hxg5 fxg5 25. Nxg5 Nf6 26. Bf3 Nf7 27. Rg2 Nxg5 28.
Bxg5 Bc6 29. Rff2 Qd7 30. Bxf6 Rxf6 31. Rh2 Rfh6 32. Rxh6 Rxh6 33. Qg5 Qf7 34.
Qd8+ Kh7 35. Rg2 Be8 36. Bg4 Bc6 37. Bf3 Be8 1/2-1/2

[Event "España tch 2009 - 2a 2"]
[Site "Burguillos ESP"]
[Date "2009.08.09"]
[Round "6.53"]
[White "Gutierrez Valero, Mario"]
[Black "Arauz Alonso, Fernando"]
[Result "0-1"]
[WhiteElo "2024"]
[BlackElo "2155"]
[PlyCount "76"]
[EventDate "2009.08.05"]
[EventType "team"]
[EventRounds "6"]
[EventCountry "ESP"]
[Source "lmi"]
[SourceDate "2009.08.05"]
[WhiteTeam "C.A. Alekhine Espartinas"]
[BlackTeam "C.A. Mostoles"]
[WhiteTeamCountry "ESP"]
[BlackTeamCountry "ESP"]

1. d4 d5 2. Nf3 Nf6 3. c4 c6 4. Qb3 dxc4 5. Qxc4 Bf5 6. g3 e6 7. Bg2 Nbd7 8.
O-O Be7 9. Nc3 O-O 10. Re1 Ne4 11. Qb3 Qb6 12. Nh4 Bxh4 13. gxh4 Ndf6 14. f3
Nxc3 15. bxc3 e5 16. e4 Be6 17. Qa4 Nh5 18. Be3 Qc7 19. Rad1 exd4 20. cxd4 Nf4
21. Bf1 Ng6 22. h5 Nh4 23. Be2 Bh3 24. Bg5 Ng2 25. Bf1 Nxe1 26. Rxe1 Bxf1 27.
Rxf1 h6 28. Be3 Rad8 29. Kh1 f5 30. Rg1 Kh8 31. Qc4 fxe4 32. fxe4 Qf7 33. Qxf7
Rxf7 34. Kg2 Re8 35. e5 c5 36. Rc1 cxd4 37. Bxd4 Rd7 38. Bxa7 Rxe5 0-1

[Event "España tch 2009 - 2a 2"]
[Site "Burguillos ESP"]
[Date "2009.08.09"]
[Round "6.54"]
[White "Lopez Gomez, Miguel"]
[Black "Jimenez Fernandez, Ismael"]
[Result "1-0"]
[WhiteElo "2083"]
[BlackElo "1746"]
[PlyCount "61"]
[EventDate "2009.08.05"]
[EventType "team"]
[EventRounds "6"]
[EventCountry "ESP"]
[Source "lmi"]
[SourceDate "2009.08.05"]
[WhiteTeam "C.A. Mostoles"]
[BlackTeam "C.A. Alekhine Espartinas"]
[WhiteTeamCountry "ESP"]
[BlackTeamCountry "ESP"]

1. d4 Nf6 2. Nf3 b6 3. e3 e6 4. Bd3 Bb7 5. Nbd2 d5 6. b3 Be7 7. Bb2 O-O 8. Ne5
Nbd7 9. f4 c5 10. O-O Qc7 11. Nxd7 Qxd7 12. Nf3 Ng4 13. Ng5 f5 14. Nxh7 Nxe3
15. Qh5 Nxf1 16. Bb5 Qxb5 17. Ng5 Bxg5 18. fxg5 Rfb8 19. Rxf1 Qe8 20. g6 Kf8
21. dxc5 bxc5 22. Bf6 gxf6 23. Qh7 Ba6 24. g7+ Ke7 25. g8=Q+ Kd6 26. Qg3+ e5
27. Rxf5 Qe6 28. Qgg7 Rb7 29. Rxf6 Rxg7 30. Rxe6+ Kxe6 31. Qxg7 1-0

[Event "España tch 2009 - 2a 2"]
[Site "Burguillos ESP"]
[Date "2009.08.09"]
[Round "6.64"]
[White "Rios del Moral, Neftali"]
[Black "De Los Santos Honrubia, Maria"]
[Result "1-0"]
[WhiteElo "2158"]
[BlackElo "2033"]
[PlyCount "77"]
[EventDate "2009.08.05"]
[EventType "team"]
[EventRounds "6"]
[EventCountry "ESP"]
[Source "lmi"]
[SourceDate "2009.08.05"]
[WhiteTeam "C.D. Cruz Roja Linares"]
[BlackTeam "C.A. 64 Villalba"]
[WhiteTeamCountry "ESP"]
[BlackTeamCountry "ESP"]

1. d4 Nf6 2. Bf4 g6 3. e3 c5 4. c3 Qb6 5. Na3 d5 6. Nb5 Na6 7. a4 c4 8. b3 cxb3
9. Qxb3 Bg7 10. a5 Qd8 11. Bd3 O-O 12. h3 Bd7 13. Ne2 Bc6 14. O-O Nd7 15. Rfc1
e5 16. Bh2 Nc7 17. Nxc7 Qxc7 18. c4 Qd6 19. Nc3 dxc4 20. Bxc4 b6 21. d5 Nc5 22.
Qb4 Bd7 23. Rcb1 Rab8 24. axb6 axb6 25. e4 Rfc8 26. f3 Bf6 27. Ba6 Re8 28. Bb5
Rec8 29. Ra7 Rc7 30. Rba1 Rbb7 31. Ra8+ Kg7 32. Bxd7 Rxd7 33. Nb5 Qe7 34. Qc4
Rd8 35. Bg3 Rbb8 36. R8a7 Rd7 37. Bf2 Rc8 38. d6 Qd8 39. Rc7 1-0

[Event "España tch 2009 - 2a 2"]
[Site "Burguillos ESP"]
[Date "2009.08.09"]
[Round "6.71"]
[White "Cabrera Ruiz, Luis"]
[Black "Jimenez Martinez, Jose Vicente"]
[Result "0-1"]
[WhiteElo "2168"]
[BlackElo "2235"]
[PlyCount "58"]
[EventDate "2009.08.05"]
[EventType "team"]
[EventRounds "6"]
[EventCountry "ESP"]
[Source "lmi"]
[SourceDate "2009.08.05"]
[WhiteTeam "C.A. Cajagranada"]
[BlackTeam "C.D. Ajedrez Lapuerta"]
[WhiteTeamCountry "ESP"]
[BlackTeamCountry "ESP"]

1. e4 d6 2. f4 g6 3. Nf3 Bg7 4. d4 Nf6 5. Bd3 c5 6. e5 Nfd7 7. c3 O-O 8. O-O
Qb6 9. Nbd2 cxd4 10. Nc4 Qc7 11. cxd4 dxe5 12. fxe5 Nb6 13. Ne3 Nc6 14. Bd2 Be6
15. Qe2 Rad8 16. Bc3 Nd5 17. Ng5 Bh6 18. Nxe6 fxe6 19. Nxd5 exd5 20. Qg4 Qc8
21. e6 Kg7 22. h4 Rxf1+ 23. Rxf1 Rf8 24. g3 Rxf1+ 25. Kxf1 Nd8 26. Be4 Qc4+ 27.
Kg2 dxe4 28. Qxe4 Kg8 29. h5 Qxe6 0-1

[Event "España tch 2009 - 2a 2"]
[Site "Burguillos ESP"]
[Date "2009.08.09"]
[Round "6.72"]
[White "Lara Lopez, Jose"]
[Black "Ferrer Pulido, Julio"]
[Result "1-0"]
[WhiteElo "2203"]
[BlackElo "2133"]
[PlyCount "57"]
[EventDate "2009.08.05"]
[EventType "team"]
[EventRounds "6"]
[EventCountry "ESP"]
[Source "lmi"]
[SourceDate "2009.08.05"]
[WhiteTeam "C.D. Ajedrez Lapuerta"]
[BlackTeam "C.A. Cajagranada"]
[WhiteTeamCountry "ESP"]
[BlackTeamCountry "ESP"]

1. e4 d5 2. e5 d4 3. f4 g6 4. Nf3 Bg7 5. Bc4 Nh6 6. d3 O-O 7. O-O Nc6 8. a3 Rb8
9. Nbd2 b5 10. Ba2 Kh8 11. Ne4 Bf5 12. Qe1 b4 13. h3 f6 14. g4 Bxe4 15. Qxe4
Rb6 16. Qe1 fxe5 17. Ng5 Qd6 18. Ne6 b3 19. Nxf8 bxa2 20. fxe5 Nxe5 21. Qh4 g5
22. Bxg5 Rxb2 23. Bxe7 Qd5 24. Qg3 Rxc2 25. Bf6 Nhf7 26. g5 Kg8 27. g6 Kxf8 28.
Bxg7+ Kxg7 29. gxf7+ 1-0

[Event "España tch 2009 - 2a 2"]
[Site "Burguillos ESP"]
[Date "2009.08.09"]
[Round "6.73"]
[White "Jimenez Bernal, Francisco"]
[Black "Lara Lopez, Sergio"]
[Result "1-0"]
[WhiteElo "2107"]
[BlackElo "2051"]
[PlyCount "45"]
[EventDate "2009.08.05"]
[EventType "team"]
[EventRounds "6"]
[EventCountry "ESP"]
[Source "lmi"]
[SourceDate "2009.08.05"]
[WhiteTeam "C.A. Cajagranada"]
[BlackTeam "C.D. Ajedrez Lapuerta"]
[WhiteTeamCountry "ESP"]
[BlackTeamCountry "ESP"]

1. Nf3 d5 2. d4 e6 3. g3 Nf6 4. c4 Nbd7 5. Bg2 c6 6. Qc2 Ne4 7. Nfd2 f5 8. O-O
Ndf6 9. Nc3 Bd6 10. Ndxe4 fxe4 11. f3 e5 12. cxd5 exd4 13. Nxe4 cxd5 14. Nxd6+
Qxd6 15. Qa4+ Bd7 16. Qxd4 Rc8 17. Bg5 O-O 18. Bxf6 Rxf6 19. f4 Bc6 20. Rad1
Rd8 21. Rd2 Re6 22. Rfd1 Rde8 23. e4 1-0

[Event "España tch 2009 - 2a 2"]
[Site "Burguillos ESP"]
[Date "2009.08.09"]
[Round "6.74"]
[White "Alcaraz Cordoba, Sergio"]
[Black "Molina Perez, Jesus"]
[Result "1/2-1/2"]
[WhiteElo "1877"]
[BlackElo "2088"]
[PlyCount "95"]
[EventDate "2009.08.05"]
[EventType "team"]
[EventRounds "6"]
[EventCountry "ESP"]
[Source "lmi"]
[SourceDate "2009.08.05"]
[WhiteTeam "C.D. Ajedrez Lapuerta"]
[BlackTeam "C.A. Cajagranada"]
[WhiteTeamCountry "ESP"]
[BlackTeamCountry "ESP"]

1. e4 c6 2. d4 d5 3. exd5 cxd5 4. Bd3 g6 5. Nf3 Bg7 6. O-O Nh6 7. Nbd2 O-O 8.
Re1 Bf5 9. Bxf5 Nxf5 10. c3 Nc6 11. Nf1 e6 12. Bf4 b5 13. Ng3 Nxg3 14. hxg3 b4
15. Qa4 Rc8 16. Rac1 bxc3 17. Rxc3 Qa5 18. Qxa5 Nxa5 19. Rec1 Nc4 20. b3 Nb6
21. Rxc8 Rxc8 22. Rxc8+ Nxc8 23. Kf1 Ne7 24. Bd6 Nc6 25. Bc5 Bf8 26. b4 Nxb4
27. Bxa7 Nxa2 28. Ne1 Nc3 29. f3 h5 30. Kf2 Bd6 31. Nc2 Nd1+ 32. Ke2 Nb2 33. f4
h4 34. gxh4 Bxf4 35. Kf3 Bd2 36. Bc5 Nc4 37. Be7 Kg7 38. g4 Bc3 39. Bb4 Bb2 40.
g5 f6 41. Be7 fxg5 42. hxg5 Nd2+ 43. Kf4 Kf7 44. Ba3 Bxa3 45. Nxa3 Ke7 46. Nc2
Kd6 47. Ne1 Nb3 48. Nf3 1/2-1/2

[Event "España tch 2009 - 2a 2"]
[Site "Burguillos ESP"]
[Date "2009.08.09"]
[Round "6.81"]
[White "Vega Gutierrez, Sabrina Neide"]
[Black "Jimenez De La Torre, Jose A"]
[Result "1-0"]
[WhiteElo "2352"]
[BlackElo "2178"]
[PlyCount "113"]
[EventDate "2009.08.05"]
[EventType "team"]
[EventRounds "6"]
[EventCountry "ESP"]
[Source "lmi"]
[SourceDate "2009.08.05"]
[WhiteTeam "C.A. Anand"]
[BlackTeam "C.D. Reina Brillante"]
[WhiteTeamCountry "ESP"]
[BlackTeamCountry "ESP"]

1. e4 e5 2. Nf3 Nf6 3. Nxe5 Nxe4 4. Qe2 Qe7 5. Qxe4 d6 6. d4 dxe5 7. dxe5 Nc6
8. Bb5 Bd7 9. Nc3 O-O-O 10. Bf4 Qb4 11. O-O-O Qxe4 12. Nxe4 Nxe5 13. Bxd7+ Nxd7
14. Rd3 Be7 15. Rc3 c6 16. Bd6 Nf6 17. Bxe7 Nxe4 18. Rc4 Nxf2 19. Bxd8 Nxh1 20.
Bh4 g5 21. Be1 Re8 22. Kd2 Re5 23. Rc3 g4 24. Re3 Rh5 25. h3 f5 26. Ke2 g3 27.
Re5 Kd7 28. Kf3 Kd6 29. Re2 Rh6 30. Bxg3+ Nxg3 31. Kxg3 Re6 32. Rd2+ Ke7 33.
Kf4 Kf6 34. g3 Re4+ 35. Kf3 h5 36. Rd6+ Re6 37. Rd8 Re7 38. Kf4 Re4+ 39. Kf3
Re7 40. Rd6+ Re6 41. Rxe6+ Kxe6 42. Kf4 Kf6 43. h4 a5 44. c4 b5 45. c5 a4 46.
a3 Ke6 47. Kg5 Kd5 48. Kxh5 Kc4 49. Kg5 Kb3 50. h5 b4 51. h6 Kxb2 52. axb4 a3
53. h7 a2 54. h8=Q+ Kb1 55. Kxf5 a1=Q 56. Qxa1+ Kxa1 57. Ke6 1-0